[Event "Charleroi op"]
[Site "Roux"]
[Date "2019.08.03"]
[Round "9"]
[White "Lacroix, Bruno"]
[Black "Capone, Nicola"]
[Result "1/2-1/2"]
[WhiteElo "2152"]
[BlackElo "2297"]
[PlyCount "162"]
[EventDate "2019.07.27"]
[EventType "swiss"]
[EventRounds "9"]
[EventCountry "BEL"]
[SourceTitle "CBM 191 Extra"]
[Source "ChessBase"]
[SourceDate "2019.09.30"]
[SourceVersion "1"]
[SourceVersionDate "2019.09.30"]
[SourceQuality "1"]

1. c4 Nf6 2. Nc3 g6 3. d4 d5 4. Nf3 Bg7 5. Bf4 0-0 6. Rc1 c6 7. e3 Bf5 8. h3 Qb6 9. Qb3 Qxb3 10. axb3 Na6 11. g4 Be4 12. Nxe4 Nxe4 13. Nd2 Nb4 14. c5 Rfe8 15. f3 Nxd2 16. Kxd2 e5 17. Bxe5 Bxe5 18. dxe5 Rxe5 19. Bd3 b6 20. Rhe1 Rb8 21. Bb1 Rd8 22. Kc3 bxc5 23. f4 d4+ 24. exd4 Rxe1 25. Rxe1 Rxd4 26. Be4 Kg7 27. f5 Kf6 28. fxg6 hxg6 29. h4 Kg7 30. g5 f5 31. gxf6+ Kxf6 32. Rf1+ Kg7 33. Re1 Kh6 34. Re2 Rd1 35. Rg2 Nd5+ 36. Bxd5 cxd5 37. Rg5 Rd4 38. Kc2 c4 39. b4 a6 40. Kc3 Rd3+ 41. Kc2 d4 42. Rg4 Kh5 43. Rg5+ Kxh4 44. Rxg6 Rb3 45. Rxa6 Kg5 46. Re6 Kf5 47. Re8 d3+ 48. Kc1 Rxb4 49. Re7 Kf4 50. Rf7+ Ke3 51. Re7+ Kd4 52. Rd7+ Kc5 53. Rc7+ Kd5 54. Rd7+ Kc6 55. Rd8 Rb5 56. Rc8+ Kd5 57. Rh8 Rb6 58. Rh5+ Kd4 59. Rh4+ Kc5 60. Rh5+ Kb4 61. Rh8 Kb3 62. Rc8 Rb4 63. Rd8 Rb5 64. Rc8 Rb4 65. Rd8 Ka4 66. Ra8+ Kb5 67. Rb8+ Kc5 68. Rc8+ Kd6 69. Rd8+ Kc6 70. Rc8+ Kb7 71. Rc5 Kb6 72. Rc8 Ra4 73. Kd2 Kb5 74. Kc3 Ra6 75. Rd8 Kc5 76. Rc8+ Kb5 77. Rb8+ Kc6 78. Kxc4 Kc7 79. Rh8 d2 80. Rh1 Rc6+ 81. Kd3 Rd6+ 1/2-1/2

[Event "BEL-chT 1819"]
[Site "Belgium"]
[Date "2019.03.31"]
[Round "10.4"]
[White "Haub, Thorsten Michael"]
[Black "Lacroix, Bruno"]
[Result "1-0"]
[WhiteElo "2417"]
[BlackElo "2148"]
[PlyCount "77"]
[EventDate "2018.09.30"]
[EventType "team-tourn"]
[EventRounds "11"]
[EventCountry "BEL"]
[SourceTitle "CBM 189 Extra"]
[Source "ChessBase"]
[SourceDate "2019.06.03"]
[SourceVersion "1"]
[SourceVersionDate "2019.06.03"]
[SourceQuality "1"]
[WhiteTeam "Wirtzfeld"]
[BlackTeam "Boitsfort"]
[WhiteTeamCountry "BEL"]
[BlackTeamCountry "BEL"]

1. g3 e5 2. Bg2 Nc6 3. c4 g6 4. Nc3 Bg7 5. Nf3 d6 6. 0-0 f5 7. d3 Nf6 8. Rb1 a5 9. a3 0-0 10. b4 axb4 11. axb4 h6 12. b5 Ne7 13. Bb2 g5 14. c5 Ng6 15. b6 c6 16. cxd6 Qxd6 17. Nd2 Be6 18. Nc4 Bxc4 19. dxc4 Qb4 20. Qc2 Ne7 21. Nd1 Qc5 22. Qb3 Nd7 23. Bc3 e4 24. Bb4 Qe5 25. Ne3 c5 26. Ba3 Nc6 27. Bb2 Nd4 28. Bxd4 cxd4 29. Nd5 Nc5 30. Qb4 Rac8 31. f4 Qd6 32. fxg5 hxg5 33. Qa3 Rf7 34. Rb5 Bf8 35. Qc1 Qg6 36. Nc7 d3 37. exd3 Nxd3 38. Qe3 Rd8 39. Bxe4 1-0

[Event "BEL-chT 1819"]
[Site "Belgium"]
[Date "2018.10.28"]
[Round "3.6"]
[White "Schuh, Dirk"]
[Black "Lacroix, Bruno"]
[Result "1-0"]
[WhiteElo "2392"]
[BlackElo "2148"]
[PlyCount "49"]
[EventDate "2018.09.30"]
[EventType "team-tourn"]
[EventRounds "11"]
[EventCountry "BEL"]
[SourceTitle "CBM 187 Extra"]
[Source "ChessBase"]
[SourceDate "2018.11.04"]
[SourceVersion "1"]
[SourceVersionDate "2018.11.04"]
[SourceQuality "1"]
[WhiteTeam "KSK47 Eynatten"]
[BlackTeam "Boitsfort"]
[WhiteTeamCountry "BEL"]
[BlackTeamCountry "BEL"]

1. e4 c5 2. c3 d5 3. exd5 Nf6 4. Bb5+ Bd7 5. Bxd7+ Qxd7 6. c4 g6 7. Nf3 Bg7 8. 0-0 0-0 9. Re1 Na6 10. d3 Nc7 11. Bf4 Nfe8 12. Nc3 e6 13. Ne5 Qd8 14. Qb3 b6 15. Nc6 Qd7 16. Rad1 Kh8 17. Ne5 Qd8 18. d4 Qf6 19. Bg3 cxd4 20. Rxd4 exd5 21. Rf4 Qd8 22. Nxf7+ Rxf7 23. Rxf7 d4 24. Nb5 Na6 25. Qf3 1-0

[Event "Charleroi op"]
[Site "Charleroi"]
[Date "2017.07.31"]
[Round "4"]
[White "Lacroix, Bruno"]
[Black "Hamblok, Roel"]
[Result "0-1"]
[WhiteElo "2150"]
[BlackElo "2305"]
[PlyCount "45"]
[EventDate "2017.07.29"]
[EventType "swiss"]
[EventRounds "9"]
[EventCountry "BEL"]
[SourceTitle "CBM 179 Extra"]
[Source "ChessBase"]
[SourceDate "2017.08.23"]
[SourceVersion "1"]
[SourceVersionDate "2017.08.23"]
[SourceQuality "1"]

1. d4 f5 2. Nc3 d5 3. Bf4 a6 4. e3 Nf6 5. Nf3 e6 6. Bd3 c5 7. 0-0 Nc6 8. a3 c4 9. Be2 b5 10. Ne5 Bb7 11. b3 Nxe5 12. Bxe5 Be7 13. a4 Qa5 14. Na2 0-0 15. Qe1 Qd8 16. bxc4 bxc4 17. Rb1 Bc6 18. a5 Ba4 19. Bxf6 Rxf6 20. Qc3 Bd6 21. Nc1 Rb8 22. Na2 Rf7 23. Qa1 0-1

[Event "Charleroi op"]
[Site "Charleroi"]
[Date "2015.08.04"]
[Round "5"]
[White "Sumets, Andrey"]
[Black "Lacroix, Bruno"]
[Result "1-0"]
[WhiteElo "2596"]
[BlackElo "2189"]
[PlyCount "115"]
[EventDate "2015.08.01"]
[EventType "swiss"]
[EventRounds "9"]
[EventCountry "BEL"]
[SourceTitle "CBM 167 Extra"]
[Source "ChessBase"]
[SourceDate "2015.09.14"]
[SourceVersion "1"]
[SourceVersionDate "2015.09.14"]
[SourceQuality "1"]

1. d4 Nf6 2. c4 e6 3. g3 Bb4+ 4. Nd2 0-0 5. Ngf3 d5 6. Bg2 dxc4 7. Qc2 Nc6 8. Qxc4 Qd5 9. 0-0 Bxd2 10. Qxd5 exd5 11. Bxd2 Bg4 12. e3 Ne4 13. Be1 Rfe8 14. h3 Bxf3 15. Bxf3 f5 16. Rc1 a5 17. Be2 Re7 18. Bd3 g6 19. Kg2 Kf7 20. a3 Kg7 21. f3 Nf6 22. Bd2 Nd8 23. g4 fxg4 24. hxg4 Ne6 25. Be1 c6 26. Bg3 Nd7 27. Rh1 Rae8 28. Rhe1 Ng5 29. Bf4 h6 30. b4 axb4 31. axb4 Ra8 32. Ra1 Ree8 33. Rec1 Ne6 34. Bd6 Nb6 35. Ra5 Red8 36. Be5+ Kh7 37. f4 Nd7 38. f5 Nxe5 39. dxe5 Ng5 40. Rca1 Rab8 41. Ra7 Re8 42. e6 Kg7 43. Rh1 Rh8 44. Kg3 gxf5 45. gxf5 Kf6 46. Kf4 Rh7 47. Be2 Rbh8 48. Bh5 Re7 49. Ra2 Reh7 50. Rah2 Re7 51. Bf3 Reh7 52. Bh5 Rc7 53. Bg6 Nxe6+ 54. fxe6 Kxg6 55. Ke5 h5 56. Rg1+ Kh6 57. Rxh5+ Kxh5 58. Rh1+ 1-0

[Event "Charleroi op"]
[Site "Charleroi"]
[Date "2013.07.27"]
[Round "1"]
[White "Henrotte, Christian"]
[Black "Lacroix, Bruno"]
[Result "0-1"]
[WhiteElo "1736"]
[BlackElo "2207"]
[PlyCount "60"]
[EventDate "2013.07.27"]
[EventType "swiss"]
[EventRounds "9"]
[EventCountry "BEL"]
[SourceTitle "CBM 155 Extra"]
[Source "ChessBase"]
[SourceDate "2013.08.26"]
[SourceVersion "1"]
[SourceVersionDate "2013.08.26"]
[SourceQuality "1"]

1. Nf3 c5 2. c4 Nc6 3. g3 g6 4. Bg2 Bg7 5. 0-0 e5 6. d3 Nge7 7. Nc3 0-0 8. a3 h6 9. Qc2 d6 10. Bd2 Be6 11. Rab1 Rc8 12. e4 f5 13. Nd5 Qd7 14. b4 fxe4 15. dxe4 cxb4 16. axb4 b5 17. Nxe7+ Nxe7 18. Bc3 Bxc4 19. Rfd1 Qe6 20. Ra1 Bb3 21. Bh3 Qc4 22. Qd2 Qxc3 23. Bxc8 Qxf3 24. Bb7 Bxd1 25. Rxd1 h5 26. Rc1 h4 27. gxh4 Qg4+ 28. Kh1 Qxh4 29. Qa2+ Kh7 30. Qxa7 Rxf2 0-1

[Event "Charleroi op"]
[Site "Charleroi"]
[Date "2012.08.03"]
[Round "8"]
[White "Rooze, Jan"]
[Black "Lacroix, Bruno"]
[Result "1-0"]
[WhiteElo "2294"]
[BlackElo "2183"]
[PlyCount "99"]
[EventDate "2012.07.28"]
[EventType "swiss"]
[EventRounds "9"]
[EventCountry "BEL"]
[SourceTitle "CBM 149 Extra"]
[Source "ChessBase"]
[SourceDate "2012.08.24"]
[SourceVersion "1"]
[SourceVersionDate "2012.08.24"]
[SourceQuality "1"]

1. e4 c5 2. Nf3 Nc6 3. Bb5 d6 4. Bxc6+ bxc6 5. 0-0 Bg4 6. h3 Bh5 7. c3 Nf6 8. Re1 e6 9. d3 Be7 10. Nbd2 Nd7 11. Nf1 0-0 12. Ng3 Bg6 13. Bf4 Re8 14. Re2 f6 15. d4 Bf8 16. Qa4 Qb6 17. Rae1 cxd4 18. cxd4 Qb5 19. Qd1 d5 20. e5 f5 21. h4 h6 22. Qc1 c5 23. Rc2 Rac8 24. Re3 cxd4 25. Nxd4 Rxc2 26. Qxc2 Qc5 27. Qd2 Nb6 28. b3 Bf7 29. Rc3 Qa5 30. Qc2 Qa6 31. Nge2 Rc8 32. Nc6 Nc4 33. Ned4 Na3 34. Qc1 Re8 35. Bd2 Nb5 36. Qf1 Nc7 37. Qxa6 Nxa6 38. Nxa7 Nc5 39. Rc2 Ne4 40. Be1 g5 41. hxg5 hxg5 42. b4 f4 43. f3 Ng3 44. b5 Bg7 45. Nac6 Nf5 46. Nxf5 exf5 47. b6 Bxe5 48. Nxe5 Rxe5 49. Rc8+ Kh7 50. b7 1-0

[Event "Charleroi op"]
[Site "Charleroi"]
[Date "2012.08.01"]
[Round "6"]
[White "Ancion, Merowig"]
[Black "Lacroix, Bruno"]
[Result "0-1"]
[WhiteElo "1956"]
[BlackElo "2183"]
[PlyCount "64"]
[EventDate "2012.07.28"]
[EventType "swiss"]
[EventRounds "9"]
[EventCountry "BEL"]
[SourceTitle "CBM 149 Extra"]
[Source "ChessBase"]
[SourceDate "2012.08.24"]
[SourceVersion "1"]
[SourceVersionDate "2012.08.24"]
[SourceQuality "1"]

1. e4 d6 2. d4 Nf6 3. Nc3 c6 4. f4 Qa5 5. Bd3 e5 6. Nf3 exd4 7. Nxd4 g6 8. 0-0 Bg7 9. Kh1 0-0 10. Be3 Nbd7 11. a4 Nc5 12. f5 Re8 13. Qf3 Qb4 14. g4 Nxd3 15. cxd3 Qxb2 16. g5 Ng4 17. Ra2 Qxc3 18. fxg6 Rf8 19. gxf7+ Kh8 20. Nf5 Bxf5 21. exf5 Nxe3 22. Qxe3 Rxf7 23. Raf2 Kg8 24. f6 Qe5 25. Qd2 Raf8 26. Rf5 Qd4 27. R1f4 Qa1+ 28. Kg2 Bxf6 29. gxf6 Rxf6 30. Rg4+ Kh8 31. Rfg5 Qf1+ 32. Kg3 Rf3+ 0-1

[Event "Charleroi op"]
[Site "Charleroi"]
[Date "2012.07.30"]
[Round "4"]
[White "Vandevoort, Pascal"]
[Black "Lacroix, Bruno"]
[Result "1-0"]
[WhiteElo "2388"]
[BlackElo "2183"]
[PlyCount "87"]
[EventDate "2012.07.28"]
[EventType "swiss"]
[EventRounds "9"]
[EventCountry "BEL"]
[SourceTitle "CBM 149 Extra"]
[Source "ChessBase"]
[SourceDate "2012.08.24"]
[SourceVersion "1"]
[SourceVersionDate "2012.08.24"]
[SourceQuality "1"]

1. e4 c5 2. Nf3 d6 3. d4 cxd4 4. Nxd4 Nf6 5. Nc3 a6 6. h3 Nc6 7. g4 Nxd4 8. Qxd4 e5 9. Qd3 Be6 10. Bg2 Rc8 11. f4 Be7 12. g5 Nd7 13. f5 Bc4 14. Qg3 f6 15. h4 Nb6 16. Qf3 Bf7 17. Qg4 Rc4 18. g6 hxg6 19. fxg6 Bg8 20. h5 Qc7 21. Bd2 d5 22. h6 d4 23. h7 dxc3 24. hxg8Q+ Rxg8 25. bxc3 f5 26. Qxf5 Rf8 27. Qh3 Qc6 28. Rf1 Rxf1+ 29. Kxf1 Qxg6 30. Rb1 Rc6 31. Bf3 Qf6 32. Ke2 Qe6 33. Qxe6 Rxe6 34. Be3 Bd8 35. a4 g6 36. Bf2 Nxa4 37. Rxb7 Rd6 38. c4 Rd7 39. Rb3 Be7 40. Bg4 Rd8 41. Rh3 Bg5 42. Ra3 Nb2 43. Rxa6 Kf7 44. Be6+ 1-0

[Event "Charleroi op"]
[Site "Charleroi"]
[Date "2011.08.01"]
[Round "3"]
[White "Baudoin, Olivier"]
[Black "Lacroix, Bruno"]
[Result "0-1"]
[WhiteElo "1961"]
[BlackElo "2185"]
[PlyCount "98"]
[EventDate "2011.07.30"]
[EventType "swiss"]
[EventRounds "9"]
[EventCountry "BEL"]
[SourceTitle "EXT 2012"]
[Source "ChessBase"]
[SourceDate "2011.11.24"]
[SourceVersion "1"]
[SourceVersionDate "2011.11.24"]
[SourceQuality "1"]

1. d4 e6 2. e4 d5 3. Nc3 Bb4 4. e5 b6 5. a3 Bf8 6. f4 Nh6 7. Nf3 Be7 8. Be3 Nf5 9. Qd2 h5 10. Bd3 a5 11. 0-0-0 c6 12. Rhg1 b5 13. Ne2 a4 14. c3 Na6 15. g4 hxg4 16. Rxg4 g6 17. Rdg1 Bd7 18. Ng3 Nxe3 19. Qxe3 Qb6 20. Ne2 0-0-0 21. Kb1 Kb8 22. Rc1 Rh3 23. Rg3 Rh5 24. Rf1 Ka7 25. Ng5 Be8 26. Rh3 Rxh3 27. Qxh3 c5 28. Qh7 b4 29. axb4 cxb4 30. c4 dxc4 31. Bxc4 Bxg5 32. fxg5 Qb7 33. Qh3 Nc7 34. Qd3 Nd5 35. Bxd5 Qxd5 36. Rc1 Bb5 37. Qe3 Bc4 38. Ka1 Kb6 39. Qd2 Qb5 40. Ng3 a3 41. Ne4 axb2+ 42. Kxb2 Ra8 43. Ra1 Rxa1 44. Kxa1 Qa4+ 45. Kb1 Qb3+ 46. Kc1 Bd3 47. Qf2 Qb1+ 48. Kd2 Qc2+ 49. Ke3 Bxe4 0-1

[Event "Charleroi op"]
[Site "Charleroi"]
[Date "2010.08.05"]
[Round "7"]
[White "Cesar, Andre"]
[Black "Lacroix, Bruno"]
[Result "0-1"]
[WhiteElo "1788"]
[BlackElo "2165"]
[PlyCount "38"]
[EventDate "2010.07.31"]
[EventType "swiss"]
[EventRounds "9"]
[EventCountry "BEL"]
[SourceTitle "CBM 137 Extra"]
[Source "ChessBase"]
[SourceDate "2010.09.01"]
[SourceVersion "1"]
[SourceVersionDate "2010.09.01"]
[SourceQuality "1"]

1. d4 e6 2. c4 f5 3. Nf3 Nf6 4. Nc3 Bb4 5. g3 0-0 6. Bg2 d6 7. 0-0 Bxc3 8. bxc3 Qe8 9. Ba3 Na6 10. Qc2 Ne4 11. Rfe1 Rf6 12. Nd2 Nxd2 13. Qxd2 Qa4 14. Bb4 c5 15. dxc5 dxc5 16. Qd8+ Rf8 17. Qa5 Qxa5 18. Bxa5 Rb8 19. Rad1 b6 0-1

[Event "Charleroi op"]
[Site "Charleroi"]
[Date "2010.08.01"]
[Round "2"]
[White "Lacroix, Bruno"]
[Black "Gregorio, Caballero Santiago"]
[Result "1-0"]
[WhiteElo "2165"]
[BlackElo "1872"]
[PlyCount "122"]
[EventDate "2010.07.31"]
[EventType "swiss"]
[EventRounds "9"]
[EventCountry "BEL"]
[SourceTitle "CBM 137 Extra"]
[Source "ChessBase"]
[SourceDate "2010.09.01"]
[SourceVersion "1"]
[SourceVersionDate "2010.09.01"]
[SourceQuality "1"]

1. d4 c6 2. Nf3 d5 3. c4 Nf6 4. e3 Nbd7 5. Bd3 e6 6. Nbd2 Bd6 7. 0-0 0-0 8. b3 e5 9. cxd5 cxd5 10. dxe5 Nxe5 11. Be2 Nc6 12. Bb2 Bf5 13. Nd4 Nxd4 14. Bxd4 b6 15. Bf3 Be6 16. a3 Qe7 17. b4 Rac8 18. h3 Bb8 19. Re1 Rfd8 20. Qb1 Qd6 21. Nf1 Ne8 22. Rd1 Qe7 23. Be2 Nd6 24. Bd3 Qh4 25. Ng3 f6 26. a4 Qh6 27. Nf5 Nxf5 28. Bxf5 Bxf5 29. Qxf5 Qg6 30. Qxg6 hxg6 31. b5 Kf7 32. a5 bxa5 33. Rxa5 Rd7 34. Rda1 Rdc7 35. g3 Rc1+ 36. Rxc1 Rxc1+ 37. Kg2 Rc7 38. Kf3 Ke6 39. Ra6+ Ke7 40. g4 g5 41. Ke2 Rb7 42. Bc5+ Kf7 43. Ra5 Ke6 44. Kd3 Rd7 45. Ra6+ Kf7 46. f4 gxf4 47. exf4 Rb7 48. Ra5 Kg6 49. Be3 Kh7 50. h4 Rd7 51. h5 Re7 52. g5 fxg5 53. fxg5 g6 54. h6 Rf7 55. Bd4 Rf3+ 56. Ke2 Rf7 57. Bf6 Rd7 58. Kd3 Rb7 59. Ra6 Rb6 60. Rxb6 axb6 61. Kd4 Bd6 1-0

[Event "Charleroi op 3rd"]
[Site "Charleroi"]
[Date "2004.08.07"]
[Round "9"]
[White "Petrov, Marian"]
[Black "Lacroix, Bruno"]
[Result "1/2-1/2"]
[WhiteElo "2441"]
[BlackElo "2125"]
[PlyCount "63"]
[EventDate "2004.07.03"]
[EventType "swiss"]
[EventRounds "9"]
[EventCountry "BEL"]
[SourceTitle "CBM 101 Extra"]
[Source "ChessBase"]
[SourceDate "2004.09.01"]
[SourceVersion "2"]
[SourceVersionDate "2004.09.01"]
[SourceQuality "1"]

1. e4 c5 2. Nf3 d6 3. d4 cxd4 4. Nxd4 Nf6 5. Nc3 a6 6. f4 e6 7. Bd3 Qb6 8. Nf3 Nbd7 9. Qe2 Nc5 10. e5 Nfd7 11. h4 Be7 12. h5 Qc7 13. Bd2 b5 14. exd6 Qxd6 15. Be4 Nxe4 16. Nxe4 Qc7 17. h6 gxh6 18. 0-0-0 Bb7 19. Rxh6 0-0-0 20. Neg5 Bxg5 21. Nxg5 Nc5 22. Rf6 Rd7 23. Bc3 Rhd8 24. Rxd7 Rxd7 25. Be5 Qc6 26. Rxf7 Rxf7 27. Nxf7 Qxg2 28. Nd6+ Kd7 29. Qe3 Ne4 30. Nxe4 Qxe4 31. Qd2+ Qd5 32. Qh2 1/2-1/2

[Event "Charleroi op 3rd"]
[Site "Charleroi"]
[Date "2004.08.02"]
[Round "4"]
[White "Lacroix, Bruno"]
[Black "Fox, Pierre"]
[Result "1-0"]
[WhiteElo "2125"]
[BlackElo "1892"]
[PlyCount "87"]
[EventDate "2004.07.03"]
[EventType "swiss"]
[EventRounds "9"]
[EventCountry "BEL"]
[SourceTitle "CBM 101 Extra"]
[Source "ChessBase"]
[SourceDate "2004.09.01"]
[SourceVersion "2"]
[SourceVersionDate "2004.09.01"]
[SourceQuality "1"]

1. Nf3 Nf6 2. g3 e6 3. Bg2 Be7 4. 0-0 0-0 5. d3 d5 6. Nbd2 Nbd7 7. e4 dxe4 8. dxe4 b5 9. Nd4 Ne5 10. N2b3 Bb7 11. Qe2 Qd7 12. Rd1 Rfd8 13. Bg5 Nc4 14. Nf5 Qe8 15. Rxd8 Rxd8 16. Nxe7+ Qxe7 17. e5 Bxg2 18. Kxg2 Nxe5 19. Qxe5 Rd5 20. Bxf6 gxf6 21. Qe4 c5 22. c4 bxc4 23. Na5 f5 24. Qf3 Rd3 25. Qa8+ Kg7 26. Nxc4 Qf6 27. Qb8 Rd5 28. Re1 Qd4 29. Qf4 Qd3 30. b3 h6 31. Qe3 Qc2 32. Qe2 Qc3 33. Qb2 Qxb2 34. Nxb2 Rd2 35. Na4 c4 36. Rc1 Rxa2 37. Rxc4 Kf6 38. Rc5 Ra3 39. Rb5 a6 40. Rb6 Ke5 41. Nc5 a5 42. Nb7 a4 43. bxa4 Rxa4 44. Nd8 1-0

[Event "BEL-chT 0304"]
[Site "Belgium"]
[Date "2004.03.09"]
[Round "10.6"]
[White "Lacroix, Bruno"]
[Black "Lamby, Philipp"]
[Result "1-0"]
[WhiteElo "2121"]
[BlackElo "2207"]
[PlyCount "49"]
[EventDate "2003.10.01"]
[EventType "team"]
[EventRounds "11"]
[EventCountry "BEL"]
[SourceTitle "EXT 2005"]
[Source "ChessBase"]
[SourceDate "2004.11.15"]
[SourceVersion "1"]
[SourceVersionDate "2004.11.15"]
[SourceQuality "1"]
[WhiteTeam "Boitsfort"]
[BlackTeam "Eynatten II"]
[WhiteTeamCountry "BEL"]
[BlackTeamCountry "BEL"]

1. e4 e5 2. Nc3 Nf6 3. g3 Bc5 4. Bg2 d6 5. Nge2 Nc6 6. Na4 h5 7. h3 h4 8. Nxc5 dxc5 9. g4 Nxg4 10. hxg4 Bxg4 11. c3 Qd3 12. Nf4 Qd7 13. f3 exf4 14. fxg4 0-0-0 15. d4 g5 16. d5 Ne5 17. b3 Rhe8 18. 0-0 Nxg4 19. Bh3 f5 20. exf5 Ne3 21. Bxe3 Rxe3 22. Rf3 Rde8 23. f6 g4 24. Rxe3 Rxe3 25. Qxg4 1-0

[Event "Charleroi op 2nd"]
[Site "Charleroi"]
[Date "2003.08.28"]
[Round "7.2"]
[White "Guliyev, Namig"]
[Black "Lacroix, Bruno"]
[Result "1-0"]
[WhiteElo "2416"]
[BlackElo "2200"]
[PlyCount "47"]
[EventDate "2003.08.23"]
[EventType "swiss"]
[EventRounds "9"]
[EventCountry "BEL"]
[SourceTitle "EXT 2004"]
[Source "ChessBase"]
[SourceDate "2003.11.25"]
[SourceVersion "1"]
[SourceVersionDate "2003.11.25"]
[SourceQuality "1"]

1. e4 c5 2. Nf3 e6 3. d4 cxd4 4. Nxd4 a6 5. Bd3 Qc7 6. 0-0 Nf6 7. Kh1 Bc5 8. Nb3 Be7 9. Nc3 d6 10. a4 b6 11. f4 Nbd7 12. Qf3 Bb7 13. Qg3 0-0 14. Bd2 Rad8 15. Rae1 d5 16. exd5 Nxd5 17. Nxd5 Bxd5 18. Qh3 Nf6 19. Bc3 h6 20. f5 Qd7 21. Nd4 Bd6 22. fxe6 fxe6 23. Nxe6 Rde8 24. Bf5 1-0

[Event "BEL-chT 0001"]
[Site "Belgium"]
[Date "2000.01.07"]
[Round "6"]
[White "Lacroix, Bruno"]
[Black "Huesmann, Thomas"]
[Result "1/2-1/2"]
[WhiteElo "2118"]
[BlackElo "2254"]
[PlyCount "95"]
[EventDate "2000.11.18"]
[EventType "team"]
[EventRounds "13"]
[EventCountry "BEL"]
[SourceTitle "CBM 081 Extra"]
[Source "ChessBase"]
[SourceDate "2001.05.06"]
[SourceVersion "1"]
[SourceVersionDate "2001.05.06"]
[SourceQuality "1"]

1. e4 e5 2. Nc3 Nc6 3. g3 Bc5 4. Bg2 d6 5. Nge2 h5 6. Na4 h4 7. Nxc5 dxc5 8. d3 Be6 9. f4 hxg3 10. hxg3 Rxh1+ 11. Bxh1 Bg4 12. c3 exf4 13. Bxf4 Qd7 14. Qc2 0-0-0 15. 0-0-0 Nge7 16. Bg2 Ng6 17. Kb1 Nce5 18. Be3 b6 19. d4 Nc4 20. Bc1 Qb5 21. Ka1 Nxb2 22. Qxb2 Bxe2 23. Bh3+ Kb7 24. Re1 Qxb2+ 25. Bxb2 Bc4 26. Bg2 cxd4 27. cxd4 Rh8 28. Rh1 Rxh1+ 29. Bxh1 Kc8 30. a3 Ne7 31. Kb1 Bd3+ 32. Kc1 f5 33. exf5 Nxf5 34. g4 Nd6 35. Kd2 Bb1 36. Bd5 Kd7 37. Ke3 c6 38. Bb3 g6 39. Kf4 Bd3 40. Bc1 c5 41. dxc5 bxc5 42. Ke5 c4 43. Ba4+ Kc7 44. Bd2 Nb7 45. Be3 a6 46. g5 Nd6 47. Bf4 Nb5 48. Bxb5 1/2-1/2

[Event "BEL-chT 9899"]
[Site "Antwerp"]
[Date "1999.03.??"]
[Round "8"]
[White "Tabak, Stefan"]
[Black "Lacroix, Bruno"]
[Result "1-0"]
[WhiteElo "2100"]
[BlackElo "2211"]
[PlyCount "83"]
[EventDate "1998.10.??"]
[EventType "team"]
[EventRounds "11"]
[EventCountry "BEL"]
[SourceTitle "EXT 2000"]
[Source "ChessBase"]
[SourceDate "1999.11.16"]
[SourceVersion "1"]
[SourceVersionDate "1999.11.16"]
[SourceQuality "1"]

1. e4 c5 2. Nc3 Nc6 3. g3 g6 4. Bg2 Bg7 5. d3 d6 6. f4 e6 7. Nf3 Nge7 8. 0-0 0-0 9. Be3 Nd4 10. Bf2 Bd7 11. Nxd4 cxd4 12. Ne2 e5 13. Qd2 Bc6 14. c3 dxc3 15. bxc3 d5 16. fxe5 dxe4 17. d4 Bxe5 18. c4 Bg7 19. d5 Bxa1 20. Rxa1 Bd7 21. Bxe4 Bf5 22. Bf3 Qd7 23. Nc3 Nc6 24. Bd4 Nxd4 25. Qxd4 h5 26. c5 f6 27. d6 Kg7 28. Nd5 b6 29. cxb6 Qxd6 30. b7 Rab8 31. Qxa7 Bg4 32. Bg2 Be6 33. Nf4 Bf5 34. Rf1 Bd7 35. Rc1 Rfd8 36. a4 Qd2 37. Rf1 Qc2 38. a5 Kh6 39. Qe3 g5 40. Nd5 f5 41. Qb6+ Qc6 42. Rb1 1-0